000 00614nam a2200253Ia 4500
005 20260121114347.0
008 008 260114s9999 xx 000 0 eng d
020 _a9781119294016
037 _aEBOOK
040 _aCRL
040 _beng
040 _cCRL
041 _2eng
041 _aeng
084 _qCRL
100 _aUmberto Spagnolini
_9974023
245 0 _aStatistical Signal Processing in Engineering
260 _bWiley
260 _c2018
856 _uhttps://onlinelibrary.wiley.com/doi/book/10.1002/9781119294016
942 _cEBOOK
999 _c1553277
_d1553277